| 000 | 00366nam a2200133Ia 4500 | ||
|---|---|---|---|
| 008 | 220217s9999 xx 000 0 und d | ||
| 245 | 0 | _aSpecifcation for bicycle tyres | |
| 260 | _aNew Delhi | ||
| 260 |
_c1963 _bISI |
||
| 490 | _aBicycle tyres and tubes subcommitte, CDC 6:8 | ||
| 500 | _aStandard number: IS 2414 | ||
| 650 | _aRubber tyre and tubes | ||
| 942 | _cST | ||
| 999 |
_c73620 _d73620 |
||